000
00550nas a22001697a 4500
008
210325b th ||||| |||| 00| 0 tha d
022
_a
08584753
041
0
_a
tha
245
1
0
_a
วารสาร พ.ส.ล.
260
3
_b
องค์การพุทธศาสนิกสัมพันธ์แห่งโลก
310
_a
รายสามเดือน
850
_a
NALT
942
_c
JNR
997
_c
44942
999
_c
84942
_d
84942